Tour de France 2025 - Tous les vainquers d'étape - Statistiques

Statistiques générales
  • Ce quiz a été pris 361 fois
  • Le résultat moyen est 18 sur 21
Statistiques - réponses
Étape Vainqueur Équipe % Correct
4 Tadej Pogacar UAE Team Emirates XRG
100%
7 Tadej Pogacar UAE Team Emirates XRG
100%
12 Tadej Pogacar UAE Team Emirates XRG
100%
13 (C.L.M.I.) Tadej Pogacar UAE Team Emirates XRG
100%
2 Mathieu Van der Poel Alpecin-Deceuninck
95%
5 (C.L.M.I.) Remco Evenepoel Soudal Quick-Step
95%
21 Wout van Aert Team Visma | Lease a bike
95%
1 Jasper Philipsen Alpecin-Deceuninck
94%
6 Ben Healy EF Education-Easypost
93%
16 Valentin Paret-Peintre Soudal Quick-Step
89%
8 Jonathan Milan Lidl-Trek
86%
17 Jonathan Milan Lidl-Trek
86%
3 Tim Merlier Soudal Quick-Step
82%
9 Tim Merlier Soudal Quick-Step
82%
10 Simon Yates Team Visma | Lease a bike
80%
18 Ben O'Connor Jayco AlUla
78%
14 Thymen Arensman INEOS Grenadiers
77%
19 Thymen Arensman INEOS Grenadiers
77%
11 Jonas Abrahamsen Uno-X Mobility
74%
15 Tim Wellens UAE Team Emirates XRG
72%
20 Kaden Groves Alpecin-Deceuninck
67%
Aucun quiz correspondant
Distribution des résultats
% des personnes avec chaque résultat
Percentile par nombre de réponses
Votre historique - résultats
Vous n’avez pas pris ce quiz